• 首页
  • 本馆介绍
  • 公告通知
  • 最新文献
  • 馆藏检索
  • 电子资源
  • 读者导购
  • 参考咨询
  • 我的图书馆
  • 登录
  • 详细信息显示
  • 放入我的书架
  • 预约/预借图书
  • 作者相关作品
  • 分类相关作品
  • 丛书相关作品
  • 出版社相关作品

书目信息

  • 表格格式
  • 工作单格式
  • 卡片格式
题名:
环境保护文件选编
    
 
作者: ;国家环保局 编
分册: 2003   上册
出版信息: 北京   中国环境科学出版社  2004
页数: 481
开本: 26cm
丛书名:
单 册:
中图分类: X-012
科图分类:
主题词: 环境保护 , 环境保护--文件--中国--2003--汇编
电子资源:
ISBN: 7-80163-839-5
000 00943nam0 2200229 450
001 TS-080797
005 20061205102856.73
010    @a7-80163-839-5@dCNY75.00
100    @a20060829d2004 em y0chiy0110 ea
101 0  @achi
102    @aCN@b110000
105    @ay zn 000yy
200 1  @a环境保护文件选编@Ahuan jing bao hu wen jian xuan bian@h2003@i上册@IShang Ce@f国家环境保护总局办公厅编@FGuo Jia Huan Jing Bao Hu Zong Ju Ban Gong Ting Bian
210    @a北京@c中国环境科学出版社@d2004
215    @a481@d26cm
330    @a本书共上下两册,书中收集了2003年期间,国务院、全国人大发布的有关环境保护的文件共22个,国家环境保护总局与有关部委联合发布的文件共24个,另有国家环境保护总局党组、办公厅及其职能司办的文件共有204个。
606 0  @a环境保护
606 0  @a环境保护@x文件@y中国@z2003@x汇编
690    @aX-012@v4
711 02 @a国家环保局@Aguo jia huan bao ju@b办公厅@4编
801  0 @aCN@b中图数据@c20061205
905    @a10447@dX-012@e87:1(2003)
    
    环境保护文件选编.2003.上册/国家环境保护总局办公厅编.-北京:中国环境科学出版社,2004
    481;26cm
    
    
    ISBN 7-80163-839-5:CNY75.00
    本书共上下两册,书中收集了2003年期间,国务院、全国人大发布的有关环境保护的文件共22个,国家环境保护总局与有关部委联合发布的文件共24个,另有国家环境保护总局党组、办公厅及其职能司办的文件共有204个。
●
相关链接 在E读中查询图书 在五车中查询图书 在当当中查询图书 在豆瓣中查询图书


正题名:环境保护文件选编     索取号:X-012/87:1(2003)         预约/预借

序号 登录号 条形码 馆藏地/架位号 状态 备注
1 0615003   206150038   第二样本阅览室/ [索取号:X-012/87:1(2003)] 在馆    
2 0615004   206150047   第三借阅区/ [索取号:X-012/87:1(2003)] 在馆    
唐山师范学院图书馆 欢迎您!
大连网信软件有限公司© 版权所有